Thinking through the death of God a critical companion to Thomas J.J. Altizer /
שמור ב:
| מחבר תאגידי: | |
|---|---|
| מחברים אחרים: | , |
| פורמט: | אלקטרוני ספר אלקטרוני |
| שפה: | אנגלית |
| יצא לאור: |
Albany :
State University of New York Press,
c2004.
|
| סדרה: | SUNY series in theology and continental thought.
|
| נושאים: | |
| גישה מקוונת: | An electronic book accessible through the World Wide Web; click to view |
| תגים: |
אין תגיות, היה/י הראשונ/ה לתייג את הרשומה!
|
MARC
| LEADER | 00000nam a2200000Ia 4500 | ||
|---|---|---|---|
| 001 | 0000151873 | ||
| 005 | 20171002062352.0 | ||
| 006 | m u | ||
| 007 | cr cn||||||||| | ||
| 008 | 031125s2004 nyu sb s001 0 eng d | ||
| 010 | |z 2003067306 | ||
| 020 | |z 9780791462195 | ||
| 020 | |z 9780791484395 | ||
| 020 | |z 0791462196 (alk. paper) | ||
| 020 | |z 079146220X (pbk. : alk. paper) | ||
| 035 | |a (CaPaEBR)ebr10579159 | ||
| 035 | |a (OCoLC)62395509 | ||
| 040 | |a CaPaEBR |c CaPaEBR | ||
| 050 | 1 | 4 | |a BT83.5 |b .T48 2004eb |
| 082 | 0 | 4 | |a 230/.092 |2 22 |
| 245 | 0 | 0 | |a Thinking through the death of God |h [electronic resource] : |b a critical companion to Thomas J.J. Altizer / |c edited by Lissa McCullough and Brian Schroeder. |
| 260 | |a Albany : |b State University of New York Press, |c c2004. | ||
| 300 | |a xxix, 254 p. | ||
| 490 | 1 | |a SUNY series in theology and continental thought | |
| 504 | |a Includes bibliographical references (p. 231-244) and index. | ||
| 533 | |a Electronic reproduction. |b Palo Alto, Calif. : |c ebrary, |d 2013. |n Available via World Wide Web. |n Access may be limited to ebrary affiliated libraries. | ||
| 600 | 1 | 0 | |a Altizer, Thomas J. J. |
| 650 | 0 | |a Death of God theology. | |
| 655 | 7 | |a Electronic books. |2 local | |
| 700 | 1 | |a McCullough, Lissa. | |
| 700 | 0 | |a Pushead. | |
| 710 | 2 | |a ebrary, Inc. | |
| 830 | 0 | |a SUNY series in theology and continental thought. | |
| 856 | 4 | 0 | |u http://site.ebrary.com/lib/daystar/Doc?id=10579159 |z An electronic book accessible through the World Wide Web; click to view |
| 908 | |a 170314 | ||
| 942 | 0 | 0 | |c EB |
| 999 | |c 141021 |d 141021 | ||